| 000 | 00624nam a22001457a 4500 | ||
|---|---|---|---|
| 020 | _a978-0-00-729561-6 | ||
| 082 |
_a823 _bKEL/B |
||
| 100 | _aKELLERMAN,FAYE | ||
| 245 | _aBLINDMAN'S BLUFF | ||
| 260 |
_aLONDON _bHARPER COLLINS |
||
| 300 | _a424 | ||
| 520 | _aBook Summary. As a lieutenant in the LAPD, homicide detective Peter Decker doesn't get many calls at 3 a.m. unless a case is nasty, sensational—or both. Someone has broken into the exclusive Coyote Ranch compound of billionaire developer Guy Kaffey and viciously gunned him down, along with his wife and four employees. | ||
| 650 |
_aNOVEL _zLONDON |
||
| 942 | _cBK | ||
| 999 |
_c2368 _d2368 |
||